<?xml version="1.0" encoding="UTF-8"?>
<record
    xmlns:xsi="http://www.w3.org/2001/XMLSchema-instance"
    xsi:schemaLocation="http://www.loc.gov/MARC21/slim http://www.loc.gov/standards/marcxml/schema/MARC21slim.xsd"
    xmlns="http://www.loc.gov/MARC21/slim">

  <leader>03664cam a22003015a 4500</leader>
  <datafield tag="999" ind1=" " ind2=" ">
    <subfield code="c">27260</subfield>
    <subfield code="d">27231</subfield>
  </datafield>
  <controlfield tag="005">20190321104516.0</controlfield>
  <controlfield tag="008">171201t2018    enka   fr     001 0 eng d</controlfield>
  <datafield tag="020" ind1=" " ind2=" ">
    <subfield code="a">9781138297784</subfield>
  </datafield>
  <datafield tag="040" ind1=" " ind2=" ">
    <subfield code="a">IDEBK</subfield>
    <subfield code="b">eng</subfield>
    <subfield code="c">IDEBK</subfield>
    <subfield code="d">N$T</subfield>
    <subfield code="d">Uk</subfield>
    <subfield code="d">EG-ScBUE</subfield>
  </datafield>
  <datafield tag="082" ind1="0" ind2="4">
    <subfield code="a">320.082</subfield>
    <subfield code="b">GOV</subfield>
    <subfield code="2">22</subfield>
  </datafield>
  <datafield tag="245" ind1="0" ind2="0">
    <subfield code="a">Governing in a Global World :</subfield>
    <subfield code="b">women in public service /</subfield>
    <subfield code="c">edited by Maria J D'Agostino and Marilyn Marks Rubin.</subfield>
  </datafield>
  <datafield tag="250" ind1=" " ind2=" ">
    <subfield code="a">1st. ed.</subfield>
  </datafield>
  <datafield tag="260" ind1=" " ind2=" ">
    <subfield code="a">New York :</subfield>
    <subfield code="b">Routledge / Taylor &amp; Francis,</subfield>
    <subfield code="c">2018.</subfield>
  </datafield>
  <datafield tag="300" ind1=" " ind2=" ">
    <subfield code="a">xvi, 269 p. :</subfield>
    <subfield code="b">ill. ;</subfield>
    <subfield code="c">24 cm.</subfield>
  </datafield>
  <datafield tag="504" ind1=" " ind2=" ">
    <subfield code="a">includes bibliographical references and index.  </subfield>
  </datafield>
  <datafield tag="505" ind1="0" ind2=" ">
    <subfield code="a">Women in public service : a long slow path to gender equality / Marilyn Marks Rubin -- A global comparison of women in the workforce : moving toward innovative solutions / Helisse Levine and Maria J. D'Agostino -- Changing perspectives on women in public service : a short history of attitudes and practices / Camilla Stivers -- Breaking the mold : women as international leaders / Mary E. Guy and Samantha J. Larson --
Gender equality and the ballot box : the global situation of women legislators / Silvana Koch-Mehrin -- Women as public sector leaders : a long way from gender parity / Uschi Schreiber -- Equality for women in Sub Sahara Africa : still a long road to travel / Sebawit G. Bishu -- Latin American women in public service : progress but not yet equality / Melissa Gomez Hernandez -- Women in leadership positions in the Middle East : a region of gender equality paradoxes / Ghada Barsoum -- Women governing : the Egyptian perspective / Laila El Baradei -- Women governing in China : not yet holding up half the sky / Marilyn Marks Rubin and Wenxuan Yu --
Women in international NGOs : status, challenges, and opportunities / Shamima Ahmed -- Time to care : paid family leave as baseline support for gender equality in employment / Deborah Brennan and Sue Williamson -- Institutional mechanisms for advancing gender equity in educating for the public service / Nadia Rubaii -- Gender equity worldwide : where we are and where to from here? / Sharon Mastracci.</subfield>
  </datafield>
  <datafield tag="520" ind1=" " ind2=" ">
    <subfield code="a">Governing in a Global World captures the panorama of women governing around the world. Even though the modern era marks history&#x2019;s greatest advancements for women, worldwide they hold fewer than 30 percent of decision-making positions and are often missing from negotiating tables where policies are made and conflicts resolved. The opening chapters present trends and context for studying women in public service by focusing on path-setters across the globe, the status of women in the world&#x2019;s executive and legislative bodies, and their participation in public service across several nations. Later chapters examine power, leadership and representation of women in public service, with several chapters looking at women governing from a regional perspective in the Middle East, Sub Sahara Africa, Latin America, and China. The final chapter presents empirical evidence that shows how policies to increase women&#x2019;s representation in the public arena reduce gender inequality more than any other policy intervention. Taken together, the chapters illustrate the worldwide importance of, and challenges to, promoting gender equality and women governing. --Back cover.</subfield>
  </datafield>
  <datafield tag="650" ind1=" " ind2="7">
    <subfield code="a">Women in public life.</subfield>
    <subfield code="2">BUEsh</subfield>
  </datafield>
  <datafield tag="650" ind1=" " ind2="7">
    <subfield code="a">Women public officers.</subfield>
    <subfield code="2">BUEsh</subfield>
  </datafield>
  <datafield tag="650" ind1=" " ind2="7">
    <subfield code="a">Women legislators.</subfield>
    <subfield code="2">BUEsh</subfield>
  </datafield>
  <datafield tag="650" ind1=" " ind2="7">
    <subfield code="a">Women</subfield>
    <subfield code="x">Political activity.</subfield>
    <subfield code="2">BUEsh</subfield>
    <subfield code="9">23739</subfield>
  </datafield>
  <datafield tag="650" ind1=" " ind2="7">
    <subfield code="a">Women politicians.</subfield>
    <subfield code="2">BUEsh</subfield>
  </datafield>
  <datafield tag="651" ind1=" " ind2=" ">
    <subfield code="2">BUEsh</subfield>
  </datafield>
  <datafield tag="653" ind1=" " ind2=" ">
    <subfield code="b">BUSBOL</subfield>
    <subfield code="c">March2019</subfield>
  </datafield>
  <datafield tag="700" ind1="1" ind2=" ">
    <subfield code="a">D'Agostino, Maria J.,</subfield>
    <subfield code="e">editor.</subfield>
  </datafield>
  <datafield tag="700" ind1="1" ind2=" ">
    <subfield code="a">Rubin, Marilyn Marks,</subfield>
    <subfield code="e">editor.</subfield>
  </datafield>
  <datafield tag="942" ind1=" " ind2=" ">
    <subfield code="2">ddc</subfield>
  </datafield>
  <datafield tag="952" ind1=" " ind2=" ">
    <subfield code="0">0</subfield>
    <subfield code="1">0</subfield>
    <subfield code="2">ddc</subfield>
    <subfield code="4">0</subfield>
    <subfield code="7">0</subfield>
    <subfield code="8">Baccah</subfield>
    <subfield code="a">MAIN</subfield>
    <subfield code="b">MAIN</subfield>
    <subfield code="c">1ST</subfield>
    <subfield code="d">2019-03-19</subfield>
    <subfield code="e">Purchase</subfield>
    <subfield code="g">724.00</subfield>
    <subfield code="h">177</subfield>
    <subfield code="l">1</subfield>
    <subfield code="m">4</subfield>
    <subfield code="o">320.082 GOV</subfield>
    <subfield code="p">000043264</subfield>
    <subfield code="r">2025-07-15 00:00:00</subfield>
    <subfield code="s">2022-03-21</subfield>
    <subfield code="v">905.00</subfield>
    <subfield code="y">BB</subfield>
  </datafield>
</record>
